000 00312nam a2200121Ia 4500
008 231129s9999||||xx |||||||||||||| ||spa||
040 _bspa
082 _aCo865 A666ó
100 _aArboleda González Carlos
245 0 _aOradores del Gran Caldas
264 _aInstituto Caldense de Cultura
942 _2ddc
_cBKS
999 _c22140
_d22140